|
|
|
|
| LEADER |
00881nas a2200241 i 4500 |
| 001 |
acta75836 |
| 005 |
20220524091458.0 |
| 008 |
220524s2022 hu o 0|| eng d |
| 022 |
|
|
|a 1417-3875
|
| 024 |
7 |
|
|a 10.14232/ejqtde.2022.1.21
|2 doi
|
| 040 |
|
|
|a SZTE Egyetemi Kiadványok Repozitórium
|b hun
|
| 041 |
|
|
|a eng
|
| 100 |
1 |
|
|a Ji Chao
|
| 245 |
1 |
0 |
|a Multi-bump solutions for the magnetic Schrödinger-Poisson system with critical growth
|h [elektronikus dokumentum] /
|c Ji Chao
|
| 260 |
|
|
|c 2022
|
| 300 |
|
|
|a 30
|
| 490 |
0 |
|
|a Electronic journal of qualitative theory of differential equations
|
| 650 |
|
4 |
|a Természettudományok
|
| 650 |
|
4 |
|a Matematika
|
| 695 |
|
|
|a Schrödinger-Poisson rendszer, Differenciálegyenlet
|
| 700 |
0 |
1 |
|a Zhang Yongde
|e aut
|
| 700 |
0 |
1 |
|a Rădulescu Vicenţiu D.
|e aut
|
| 856 |
4 |
0 |
|u http://acta.bibl.u-szeged.hu/75836/1/ejqtde_2022_021.pdf
|z Dokumentum-elérés
|